[Event "Leutersdorf Muench Braeu op 09th"]
[Site "Leutersdorf"]
[Date "2004.02.09"]
[Round "5"]
[White "Braunstein, Fabian"]
[Black "Schindler, Jonas"]
[Result "0-1"]
[WhiteElo "1435"]
[BlackElo "1954"]
[PlyCount "86"]
[EventDate "2004.02.07"]
[EventType "swiss"]
[EventRounds "9"]
[EventCountry "GER"]
[SourceTitle "CBM 098 Extra"]
[Source "ChessBase"]
[SourceDate "2004.03.10"]
[SourceVersion "2"]
[SourceVersionDate "2004.03.10"]
[SourceQuality "1"]

1. g3 Nf6 2. Bg2 g6 3. Nf3 Bg7 4. d4 0-0 5. Bf4 d6 6. Nc3 Nbd7 7. Qd2 c5 8. d5 a6 9. a4 Rb8 10. a5 b5 11. axb6 Nxb6 12. Qd3 Qc7 13. 0-0 Nbd7 14. b3 Bb7 15. Rad1 Nb6 16. Nd2 Rfc8 17. Nc4 Nxc4 18. Qxc4 Nd7 19. Na4 Ne5 20. Bxe5 Bxe5 21. e3 Qa5 22. Bh3 Rc7 23. f4 Bg7 24. f5 g5 25. Qg4 h6 26. c4 Bc8 27. Rb1 Rcb7 28. Qd1 Bd7 29. Qc2 Qb4 30. f6 Bxh3 31. fxg7 Bxf1 32. Rxf1 Kxg7 33. Qf5 f6 34. h4 Qxb3 35. h5 Qxe3+ 36. Kh1 Rh8 37. Nb6 Rxb6 38. Qg6+ Kf8 39. Rxf6+ exf6 40. Qxf6+ Ke8 41. Qxh8+ Kd7 42. Qg7+ Qe7 43. Qxh6 Rb2 0-1